Normal view
MARC view
- COMPUTER GRAPHICS AUTOCAD FOR WINDOWS
Entry Topical Term
001 - CONTROL NUMBER
- control field: 67647
003 - CONTROL NUMBER IDENTIFIER
- control field: NUST
005 - DATE AND TIME OF LATEST TRANSACTION
- control field: 20210628203852.0
008 - FIXED-LENGTH DATA ELEMENTS
- fixed length control field: 210628|| aca||aabn | a|a d
040 ## - CATALOGING SOURCE
- Original cataloging agency: NUST
- Transcribing agency: NUST
150 ## - HEADING--TOPICAL TERM
- Topical term or geographic name entry element: COMPUTER GRAPHICS AUTOCAD FOR WINDOWS
670 ## - SOURCE DATA FOUND
- Source citation: Work cat.: (NUST): Fulmer, Howard M , Soen, Francis , Pitzer, David 67646, Inside autocad release 13 , for windows and windows nt, 1995
